[Event "Westerndorf St.Peter/Rosenheim"]
[Site "Westerndorf St.Peter/Rosenheim"]
[Date "2015.08.28"]
[Round "9.9"]
[White "Nagy, Laszlo"]
[Black "Kleibel, Uwe"]
[Result "0-1"]
[WhiteElo "1950"]
[BlackElo "2195"]
[PlyCount "104"]
[EventDate "2015.??.??"]
[WhiteTeam "SG Vogtareuth-Prutting"]
[BlackTeam "SV Röhrnbach"]

1. d4 Nf6 2. c4 e6 3. Nf3 d5 4. Nc3 Bb4 5. Qa4+ Nc6 6. Ne5 Bd7 7. Nxc6 Bxc3+ 8.
bxc3 Bxc6 9. Qb3 dxc4 10. Qxc4 O-O 11. Bg5 h6 12. Bh4 Re8 13. f3 Qd5 14. e3 Qh5
15. Bf2 Qa5 16. e4 e5 17. d5 Bd7 18. Qb4 Qxb4 19. cxb4 c6 20. dxc6 Bxc6 21. b5
Bd7 22. Bd3 a6 23. bxa6 bxa6 24. Ke2 Bb5 25. Rhd1 Rec8 26. Rac1 Bxd3+ 27. Kxd3
Rab8 28. Rxc8+ Rxc8 29. Rd2 Rc1 30. Rc2 Ra1 31. Kc4 Rb1 32. Bg3 Nd7 33. Kd5 f6
34. Bf2 Kf7 35. Rc7 Rd1+ 36. Kc6 Ke6 37. Be3 Rd3 38. Ba7 Rd2 39. a4 h5 40. a5
Rxg2 41. Kb7 Rxh2 42. Kxa6 Ra2 43. Rc8 h4 44. Rh8 g5 45. Bb6 Ra3 46. Kb7 Rxf3
47. a6 Rb3 48. a7 Nxb6 49. Kc6 h3 50. Rb8 h2 51. Rxb6 Ra3 52. Kb7+ Kf7 0-1

[Event "Westerndorf St.Peter/Rosenheim"]
[Site "Westerndorf St.Peter/Rosenheim"]
[Date "2015.08.28"]
[Round "9.10"]
[White "Prediger, Rupert"]
[Black "Schlichtmann, Robin"]
[Result "1/2-1/2"]
[WhiteElo "2279"]
[BlackElo "2162"]
[PlyCount "21"]
[EventDate "2015.??.??"]
[WhiteTeam "SG Pang-Rosenheim 1910"]
[BlackTeam "SK Bruckmühl"]

1. e4 e5 2. Nf3 Nc6 3. Bc4 Bc5 4. c3 Nf6 5. d3 a6 6. h3 d6 7. Bb3 Ba7 8. Nbd2
O-O 9. Nf1 d5 10. Qe2 Be6 11. Bg5 1/2-1/2

[Event "Westerndorf St.Peter/Rosenheim"]
[Site "Westerndorf St.Peter/Rosenheim"]
[Date "2015.08.28"]
[Round "9.11"]
[White "Hinterreiter, Markus"]
[Black "Häußler, Phillip"]
[Result "0-1"]
[WhiteElo "2035"]
[BlackElo "2105"]
[PlyCount "48"]
[EventDate "2015.??.??"]
[WhiteTeam "TSV Trostberg"]
[BlackTeam "SK Bad Aibling"]

1. e4 e6 2. d4 d5 3. Nd2 a6 4. Ngf3 Nf6 5. e5 Nfd7 6. Bd3 c5 7. c3 Nc6 8. O-O
g6 9. Re1 Bg7 10. Nf1 O-O 11. h4 Qb6 12. Bb1 cxd4 13. cxd4 f6 14. exf6 Nxf6 15.
b3 Ng4 16. Ba3 Nxf2 17. Qd2 Rxf3 18. Bc5 Nh3+ 19. Kh1 Nf2+ 20. Kg1 Nh3+ 21. Kh1
Qd8 22. gxf3 Qxh4 23. Bd3 Qf2 24. Qe3 h6 0-1

[Event "Westerndorf St.Peter/Rosenheim"]
[Site "Westerndorf St.Peter/Rosenheim"]
[Date "2015.08.28"]
[Round "9.12"]
[White "Herrmann, Michael"]
[Black "Golder, Waldemar"]
[Result "1/2-1/2"]
[WhiteElo "2095"]
[BlackElo "2009"]
[PlyCount "39"]
[EventDate "2015.??.??"]
[WhiteTeam "SK Freilassing"]
[BlackTeam "FC Ergolding 1932"]

1. c4 c5 2. g3 g6 3. Bg2 Bg7 4. Nc3 Nc6 5. d3 d6 6. e3 Nf6 7. Nge2 O-O 8. O-O
Bd7 9. h3 Ne8 10. b3 Rb8 11. Bb2 Nc7 12. Qd2 Qc8 13. Kh2 Rd8 14. Nd5 Nxd5 15.
cxd5 Nb4 16. Bxg7 Kxg7 17. a3 Na6 18. Rac1 b6 19. e4 Nc7 20. d4 1/2-1/2

[Event "Westerndorf St.Peter/Rosenheim"]
[Site "Westerndorf St.Peter/Rosenheim"]
[Date "2015.08.28"]
[Round "9.13"]
[White "Oberhofer, Cédric"]
[Black "Basener, Winfried"]
[Result "1/2-1/2"]
[WhiteElo "2125"]
[BlackElo "2148"]
[PlyCount "50"]
[EventDate "2015.??.??"]
[WhiteTeam "SC Bavaria Regensburg 1881"]
[BlackTeam "SC Neuhausen 1908"]

1. e4 e5 2. Nf3 Nc6 3. Bb5 a6 4. Ba4 Nf6 5. O-O Nxe4 6. d4 b5 7. Bb3 d5 8. dxe5
Be6 9. Qe2 Nc5 10. Rd1 Be7 11. Nbd2 O-O 12. c3 Nxb3 13. Nxb3 h6 14. Bf4 Qd7 15.
Nbd4 Nxd4 16. cxd4 Bg4 17. h3 Bxf3 18. Qxf3 c6 19. Qg3 Qe6 20. Rac1 Rac8 21.
Qg4 c5 22. dxc5 Rxc5 23. Rxc5 Bxc5 24. Qf3 Rd8 25. Qd3 Rd7 1/2-1/2

[Event "Westerndorf St.Peter/Rosenheim"]
[Site "Westerndorf St.Peter/Rosenheim"]
[Date "2015.08.28"]
[Round "9.14"]
[White "Schatz, Christian"]
[Black "Graf, Christian"]
[Result "1/2-1/2"]
[WhiteElo "2168"]
[BlackElo "2133"]
[PlyCount "181"]
[EventDate "2015.??.??"]
[WhiteTeam "TSV 1869 Rottendorf"]
[BlackTeam "SU Ebersberg-Grafing"]

1. e4 c6 2. d3 d5 3. Nd2 e5 4. Ngf3 Bd6 5. g3 Nf6 6. Bg2 O-O 7. O-O Re8 8. Re1
dxe4 9. dxe4 Bc7 10. Nc4 Qxd1 11. Rxd1 Bg4 12. h3 Bxf3 13. Bxf3 Nbd7 14. Be3
Nb6 15. Nxb6 Bxb6 16. Bg5 Rad8 17. c3 h6 18. Bxf6 gxf6 19. Bg4 Kf8 20. Kf1
Rxd1+ 21. Rxd1 Rd8 22. Rxd8+ Bxd8 23. Bc8 b6 24. Bb7 c5 25. Ba6 Bc7 26. Ke2 Ke7
27. Kd3 Bd8 28. Kc4 Kd6 29. Bc8 Kc6 30. a4 Bc7 31. Ba6 Bd8 32. Bb5+ Kd6 33. g4
a5 34. Be8 Ke7 35. Bc6 Kd6 36. Bd5 Be7 37. Bxf7 Kc6 38. Be8+ Kd6 39. Bf7 Kc6
40. Kd3 Kd7 41. b3 Bd8 42. Bd5 Be7 43. Ke3 Bd6 44. Bg8 Bc7 45. Bf7 Ke7 46. Bd5
Kd7 47. Bb7 Ke7 48. Bc8 Kd8 49. Bf5 Ke7 50. Kd3 Kd6 51. Kc4 Kc6 52. Bg6 Bd8 53.
Bf7 Be7 54. Kd3 Kd7 55. Bg6 Bd8 56. Bf5+ Ke7 57. Bc8 Bc7 58. Kc4 Kd6 59. Kb5
Bd8 60. Ka6 Kc7 61. Be6 Kd6 62. Bf7 Kc7 63. Bd5 Be7 64. Kb5 Bd8 65. Kc4 Kd6 66.
Kd3 Bc7 67. Ke3 Ke7 68. Kf3 Bd6 69. Kg3 Bc7 70. h4 Bd6 71. Kf3 Bc7 72. Ke3 Bd6
73. Kd3 Bc7 74. Kc4 Kd6 75. Kb5 Bd8 76. Ka6 Kc7 77. f3 Be7 78. Kb5 Bd8 79. Kc4
Kd6 80. Bb7 Bc7 81. Bc8 Bd8 82. Kd3 Bc7 83. Ke3 Ke7 84. Bf5 Kf7 85. Bd7 Ke7 86.
Bc6 Kd6 87. Bd5 Ke7 88. Kd3 Bd8 89. Kc4 Kd6 90. Kb5 Kc7 91. Ka6 1/2-1/2

[Event "Westerndorf St.Peter/Rosenheim"]
[Site "Westerndorf St.Peter/Rosenheim"]
[Date "2015.08.28"]
[Round "9.15"]
[White "Körber, Aljoscha"]
[Black "Kolb, Wolfgang"]
[Result "0-1"]
[WhiteElo "1940"]
[BlackElo "2067"]
[PlyCount "124"]
[EventDate "2015.??.??"]
[WhiteTeam "SC Garching 1980"]
[BlackTeam "SK Königsbrunn"]

1. e4 c6 2. d4 d5 3. exd5 cxd5 4. Bd3 Nc6 5. c3 Qc7 6. Ne2 Nf6 7. f4 Bg4 8. h3
Bxe2 9. Qxe2 g6 10. O-O Bg7 11. Nd2 O-O 12. Nf3 Nh5 13. Qe3 Ng3 14. Rf2 Nf5 15.
Qe1 e6 16. g4 Nd6 17. Rg2 Rae8 18. Qh4 f5 19. g5 Ne4 20. Qe1 Rf7 21. h4 Bf8 22.
h5 gxh5 23. Qh4 Rg7 24. Qxh5 Qf7 25. Qh4 h6 26. Rh2 Rg6 27. Qh5 Nf6 28. Qh3 Ng4
29. Rg2 hxg5 30. Nxg5 Qg7 31. Rxg4 fxg4 32. Qh5 Ne7 33. Bxg6 Qxg6 34. Qxg6+
Nxg6 35. Kf2 Bd6 36. Kg3 Kg7 37. Be3 Kf6 38. Rh1 Rg8 39. Kxg4 Nxf4 40. Bxf4
Bxf4 41. Kxf4 Rxg5 42. Rh6+ Rg6 43. Rxg6+ Kxg6 44. Ke5 Kf7 45. Kd6 Kf6 46. a4
b6 47. b3 Kf5 48. Ke7 e5 49. dxe5 Kxe5 50. Kd7 Ke4 51. Kc6 Kd3 52. c4 d4 53.
Kb7 Kc3 54. Kxa7 d3 55. Kxb6 d2 56. c5 d1=Q 57. c6 Qxb3+ 58. Kc7 Kc4 59. Kd7
Qxa4 60. Kd6 Qb4+ 61. Ke6 Qc5 62. Kd7 Qd5+ 0-1